100 việc nên làm trước tuổi 20 Bạn cô gái 20 tuổi cần làm gì để có được cuộc sống hạnh phúc?
保存先:
| フォーマット: | 図書 |
|---|---|
| 出版事項: |
Hà Nội
Văn Hóa - Thông tin
2015
|
| 主題: | |
| タグ: |
タグ追加
タグなし, このレコードへの初めてのタグを付けませんか!
|
| Thư viện lưu trữ: | Trung tâm Học liệu Lê Vũ Hùng, Trường Đại học Đồng Tháp |
|---|
| LEADER | 00802pam a22002298a 4500 | ||
|---|---|---|---|
| 001 | 00040843 | ||
| 005 | 20180124100158.0 | ||
| 008 | 110617s1977 ||||||Viesd | ||
| 020 | # | # | |c 55000 |
| 041 | 0 | # | |a Vie |
| 082 | 1 | 4 | |a 155.3 |b M458TR |
| 245 | 1 | 0 | |b Bạn cô gái 20 tuổi cần làm gì để có được cuộc sống hạnh phúc? |a 100 việc nên làm trước tuổi 20 |
| 260 | # | # | |a Hà Nội |b Văn Hóa - Thông tin |c 2015 |
| 300 | # | # | |b Minh họa tranh màu |a 160 tr. |c 23 cm. |
| 653 | # | # | |a Bí quyết |
| 653 | # | # | |a Tâm lý học |
| 653 | # | # | |a Kỹ năng |
| 653 | # | # | |a Phụ nữ |
| 653 | # | # | |a Thành công |
| 852 | # | # | |j KD.0023096 |
| 910 | |d 24/01/2018 | ||
| 980 | # | # | |a Trung tâm Học liệu Lê Vũ Hùng, Trường Đại học Đồng Tháp |